[Event "St Petersburg blitz prelim"]
[Site "St Petersburg"]
[Date "2013.12.22"]
[Round "5"]
[White "Levin, Evgeny A"]
[Black "Shchukin, Dmitry"]
[Result "1/2-1/2"]
[WhiteElo "2514"]
[BlackElo "2331"]
[PlyCount "133"]
[EventDate "2013.12.22"]
[EventType "swiss (blitz)"]
[EventRounds "11"]
[EventCountry "RUS"]
[SourceTitle "CBM 158 Extra"]
[Source "ChessBase"]
[SourceDate "2014.02.28"]
[SourceVersion "1"]
[SourceVersionDate "2014.02.28"]
[SourceQuality "1"]

1. Nf3 d5 2. d4 Nf6 3. Bg5 Ne4 4. Bf4 c5 5. c3 Nc6 6. e3 Bg4 7. Nbd2 e6 8. Be2 Nxd2 9. Qxd2 cxd4 10. exd4 Bxf3 11. Bxf3 Bd6 12. Bg5 Be7 13. Be3 h6 14. 0-0 Bg5 15. Rae1 0-0 16. g3 Bxe3 17. Rxe3 b5 18. Bg2 Rb8 19. a3 a5 20. Ra1 Qd6 21. b4 Rfd8 22. Bf1 e5 23. dxe5 Nxe5 24. bxa5 Nc4 25. Bxc4 bxc4 26. Qd4 Ra8 27. Qb6 Ra6 28. Qb5 Rda8 29. Rd1 Rxa5 30. Qxc4 Qxg3+ 31. hxg3 dxc4 32. Rd4 Rc8 33. Ree4 Rxa3 34. Rxc4 Rxc3 35. Rxc3 Rxc3 36. Kg2 g6 37. Rd4 h5 38. Re4 Kg7 39. Rd4 Rc6 40. Re4 Re6 41. Rd4 Kf6 42. Rc4 Re5 43. Rd4 Kf5 44. Rc4 f6 45. Rf4+ Kg5 46. Rc4 Rd5 47. Rb4 Kf5 48. Rf4+ Ke5 49. Rb4 Rd4 50. Rb5+ Ke6 51. Rb6+ Kf7 52. Rb7+ Kg8 53. Rc7 h4 54. gxh4 Rxh4 55. Kg3 Re4 56. Rd7 Kf8 57. Rb7 Re7 58. Rb6 Kf7 59. Rc6 g5 60. f4 Re3+ 61. Kf2 gxf4 62. Rc4 Re5 63. Rxf4 Kg6 64. Rc4 Kg5 65. Rb4 Rf5+ 66. Kg3 Re5 67. Kf3 1/2-1/2

[Event "St Petersburg blitz prelim"]
[Site "St Petersburg"]
[Date "2013.12.22"]
[Round "4"]
[White "Shchukin, Dmitry"]
[Black "Aleksandrov, Aleksej"]
[Result "0-1"]
[WhiteElo "2331"]
[BlackElo "2586"]
[PlyCount "91"]
[EventDate "2013.12.22"]
[EventType "swiss (blitz)"]
[EventRounds "11"]
[EventCountry "RUS"]
[SourceTitle "CBM 158 Extra"]
[Source "ChessBase"]
[SourceDate "2014.02.28"]
[SourceVersion "1"]
[SourceVersionDate "2014.02.28"]
[SourceQuality "1"]

1. e4 e5 2. Nf3 Nc6 3. Bc4 Bc5 4. c3 Nf6 5. d3 d6 6. 0-0 a6 7. Bb3 0-0 8. Re1 Re8 9. h3 h6 10. Nbd2 Be6 11. Bc2 d5 12. Nh2 Bf8 13. Qf3 Nh7 14. Ndf1 g6 15. Ng4 h5 16. Nge3 d4 17. Nd5 Bg7 18. Bb3 b5 19. Ng3 Na5 20. cxd4 Nxb3 21. axb3 exd4 22. Bf4 Bxd5 23. exd5 Rxe1+ 24. Rxe1 Nf6 25. d6 cxd6 26. Bxd6 Rc8 27. Be7 Qb6 28. Bxf6 Bxf6 29. Ne4 Be7 30. b4 Kg7 31. Qf4 Qc7 32. Qd2 Qc2 33. Qf4 Qc7 34. Qd2 Qc2 35. Qf4 Qc7 36. Qd2 Rd8 37. Rc1 Qe5 38. Nc5 Qf6 39. Ne4 Qe5 40. Rc6 Ra8 41. f4 Qd5 42. Rc7 Bd8 43. Rc5 Qd7 44. f5 Be7 45. Rc1 Qxf5 46. Rf1 0-1

[Event "St Petersburg blitz prelim"]
[Site "St Petersburg"]
[Date "2013.12.22"]
[Round "6"]
[White "Yevseev, Denis"]
[Black "Shchukin, Dmitry"]
[Result "1/2-1/2"]
[WhiteElo "2532"]
[BlackElo "2331"]
[PlyCount "101"]
[EventDate "2013.12.22"]
[EventType "swiss (blitz)"]
[EventRounds "11"]
[EventCountry "RUS"]
[SourceTitle "CBM 158 Extra"]
[Source "ChessBase"]
[SourceDate "2014.02.28"]
[SourceVersion "1"]
[SourceVersionDate "2014.02.28"]
[SourceQuality "1"]

1. Nf3 d5 2. d4 Nf6 3. c4 c6 4. Nc3 e6 5. g3 Bb4 6. Bg2 Ne4 7. Bd2 Bxc3 8. Bxc3 Nxc3 9. bxc3 Qa5 10. Qc2 Nd7 11. 0-0 b6 12. cxd5 cxd5 13. c4 Bb7 14. cxd5 Rc8 15. Qd2 Bxd5 16. Qxa5 bxa5 17. Rfc1 Ke7 18. Nd2 Nb6 19. Bxd5 Nxd5 20. Nc4 a4 21. Ne5 f6 22. Nd3 Nc3 23. Kf1 a3 24. e3 Rc4 25. Rc2 Rb8 26. Rac1 Rb1 27. Rxb1 Nxb1 28. Rxc4 Nd2+ 29. Ke2 Nxc4 30. Nb4 Kd6 31. Nc2 a5 32. Kd3 Nb2+ 33. Kd2 Nc4+ 34. Kc3 Nb2 35. Kb3 Nd1 36. f3 e5 37. dxe5+ Kxe5 38. Kxa3 Nc3 39. Kb3 Nd1 40. a4 Kd5 41. e4+ Kc5 42. f4 h5 43. e5 fxe5 44. fxe5 Kd5 45. e6 Kxe6 46. Kc4 Kf5 47. Kb5 Kg4 48. Kxa5 Nb2 49. Nd4 Kh3 50. Nf5 g6 51. Ne7 1/2-1/2

[Event "Chigorin Memorial 21st"]
[Site "St Petersburg"]
[Date "2013.10.10"]
[Round "6"]
[White "Shchukin, Dmitry"]
[Black "Raznikov, Danny"]
[Result "1/2-1/2"]
[WhiteElo "2318"]
[BlackElo "2486"]
[PlyCount "76"]
[EventDate "2013.10.05"]
[EventType "swiss"]
[EventRounds "9"]
[EventCountry "RUS"]
[SourceTitle "CBM 156 Extra"]
[Source "ChessBase"]
[SourceDate "2013.10.22"]
[SourceVersion "1"]
[SourceVersionDate "2013.10.22"]
[SourceQuality "1"]

1. e4 c5 2. Nf3 d6 3. d4 cxd4 4. Nxd4 Nf6 5. Nc3 a6 6. f4 Nbd7 7. a4 e5 8. Nf3 Be7 9. Bd3 0-0 10. 0-0 Nc5 11. Kh1 exf4 12. Bxf4 Bg4 13. h3 Bh5 14. b4 Ne6 15. Bh2 Rc8 16. Qd2 Bg6 17. Nd5 Nxd5 18. exd5 Ng5 19. c4 a5 20. Rab1 Nxf3 21. Rxf3 Rxc4 22. Bxg6 hxg6 23. bxa5 Rxa4 24. Rfb3 Bg5 25. Qd3 Qxa5 26. Bxd6 Re8 27. Rxb7 Re1+ 28. Kh2 Ra1 29. Qf3 Bf6 30. Qd3 Qa2 31. Rxe1 Rxe1 32. Bg3 Rc1 33. Bf4 Rc2 34. Qe4 Re2 35. Qd3 Rf2 36. Qe4 Re2 37. Qd3 Rf2 38. Qe4 Re2 1/2-1/2

[Event "Chigorin Memorial 21st"]
[Site "St Petersburg"]
[Date "2013.10.09"]
[Round "5"]
[White "Antipov, Mikhail Al"]
[Black "Shchukin, Dmitry"]
[Result "1/2-1/2"]
[WhiteElo "2515"]
[BlackElo "2318"]
[PlyCount "87"]
[EventDate "2013.10.05"]
[EventType "swiss"]
[EventRounds "9"]
[EventCountry "RUS"]
[SourceTitle "CBM 156 Extra"]
[Source "ChessBase"]
[SourceDate "2013.10.22"]
[SourceVersion "1"]
[SourceVersionDate "2013.10.22"]
[SourceQuality "1"]

1. e4 e6 2. d4 d5 3. Nc3 Bb4 4. e5 Ne7 5. a3 Bxc3+ 6. bxc3 b6 7. Qg4 Ng6 8. h4 h5 9. Qd1 Ba6 10. Bxa6 Nxa6 11. Bg5 Qd7 12. Ne2 Nf8 13. Nf4 g6 14. Qd3 Qa4 15. f3 Kd7 16. Bf6 Rg8 17. 0-0 Kc6 18. g4 Nc5 19. Qd2 Ncd7 20. Bg5 Nh7 21. Nh3 Nxg5 22. Nxg5 Rg7 23. gxh5 gxh5 24. f4 Kb7 25. Kh1 c5 26. Qd3 cxd4 27. cxd4 Rc8 28. Rf2 Rc4 29. Rd2 Nc5 30. dxc5 Rxf4 31. Rh2 Rxh4 32. Nf3 Rxh2+ 33. Nxh2 bxc5 34. Rb1+ Kc6 35. Rf1 Rg5 36. Rxf7 Rxe5 37. Nf3 Rf5 38. Rxf5 exf5 39. Qxf5 Qxa3 40. Qc8+ Kb5 41. Qb7+ Ka4 42. Kg2 Qc3 43. Qxa7+ Kb4 44. Qb7+ 1/2-1/2